Hrozby a riziká bezpečnosti
Bezpečnostné riziká a ich hrozby je možné vymedziť ako určitý systém, ktorý sa ďalej člení na podsystémy, ktoré tvoria jej obsah. Bezpečnostná situácia predstavuje zložitý, multifaktorový objekt poznania, ktorého skúmanie a analýza vyžaduje systémový prístup.
Enregistré dans:
| Auteur principal: | |
|---|---|
| Format: | Chapitre de livre |
| Langue: | slovaque |
| Sujets: | |
| Tags: |
Pas de tags, Soyez le premier à ajouter un tag!
|
MARC
| LEADER | 00000nla a2200000 4500 | ||
|---|---|---|---|
| 001 | 0182923 | ||
| 005 | 20221020081917.9 | ||
| 041 | 0 | |a slo | |
| 044 | |a SK | ||
| 245 | 1 | 0 | |a Hrozby a riziká bezpečnosti |c Stanislav Fabrici |
| 520 | |a Bezpečnostné riziká a ich hrozby je možné vymedziť ako určitý systém, ktorý sa ďalej člení na podsystémy, ktoré tvoria jej obsah. Bezpečnostná situácia predstavuje zložitý, multifaktorový objekt poznania, ktorého skúmanie a analýza vyžaduje systémový prístup. | ||
| 610 | 2 | 0 | |a bezpečnosť národná |
| 610 | 2 | 0 | |a systémy bezpečnostné |
| 610 | 2 | 0 | |a polícia |
| 610 | 2 | 0 | |a ochrana majetku |
| 610 | 2 | 0 | |a ochrana zdravia |
| 610 | 2 | 0 | |a riziko bezpečnostné |
| 100 | 1 | |a Fabrici, Stanislav | |